Novels and other writings
Collected here in one volume are six works that represent nearly a quarter century in the productive life of one of the most accomplished and admired of American writers. They explore the private worlds of our "Gilded Age." A once free-spirited American woman in Paris tries to extricate he...
Na minha lista:
| Autor principal: | |
|---|---|
| Formato: | Livro |
| Idioma: | Undetermined |
| Publicado em: |
New York, NY
The Library of America
1990
|
| Assuntos: | |
| Tags: |
Adicionar Tag
Sem tags, seja o primeiro a adicionar uma tag!
|
| Thư viện lưu trữ: | Trung tâm Học liệu Trường Đại học Cần Thơ |
|---|
| LEADER | 01061nam a2200217Ia 4500 | ||
|---|---|---|---|
| 001 | CTU_125563 | ||
| 008 | 210402s9999 xx 000 0 und d | ||
| 020 | |c 29.25 | ||
| 082 | |a 813.52 | ||
| 082 | |b W553 | ||
| 100 | |a Wharton, Edith | ||
| 245 | 0 | |a Novels and other writings | |
| 245 | 0 | |c Edith Wharton ; Edited by Cynthia Griffin Golff | |
| 260 | |a New York, NY | ||
| 260 | |b The Library of America | ||
| 260 | |c 1990 | ||
| 520 | |a Collected here in one volume are six works that represent nearly a quarter century in the productive life of one of the most accomplished and admired of American writers. They explore the private worlds of our "Gilded Age." A once free-spirited American woman in Paris tries to extricate herself from her marriage to a French aristocrat in "Madame de Treymes." A divorced mother finds herself in a strange romantic triangle in "The Mother's Recompense | ||
| 650 | |a American literature,American fiction | ||
| 650 | |y 20th century,20th century | ||
| 904 | |i Minh | ||
| 980 | |a Trung tâm Học liệu Trường Đại học Cần Thơ | ||